| 000 | 00677nam a2200205 a 4500 | ||
|---|---|---|---|
| 001 | 000008228 | ||
| 005 | 20200929161322.0 | ||
| 008 | 090915s1999 dr a 001 0 spa d | ||
| 040 |
_aDO-SdBNP _bspa _cBNPHU |
||
| 082 |
_a665.538 _bC334g |
||
| 100 | 1 |
_aCasado R., Wilmag E. _922307 |
|
| 245 | 1 | 3 |
_aEl gas (glp) y los vehículos / _cCasado R., Wilmage E. |
| 260 |
_aSanto Domingo, : _bDiálogo, _c1999. |
||
| 300 |
_a183 p. : _bil ; _c22 cm. |
||
| 500 | _aIncluye datos biográficos en la solapa de la cubierta | ||
| 504 | _aIncluye referencias bibliográficas [p. 181-182] | ||
| 650 | 4 |
_aPetroleo _xRefinación _922308 |
|
| 650 | 4 |
_aPetroleo _xProducción _922309 |
|
| 049 | _aBNPD | ||
| 999 |
_c7999 _d7999 |
||